The romance of the state : (Record no. 65559)

MARC details
000 -LEADER
fixed length control field 00589nam a22001577a 4500
005 - DATE AND TIME OF LATEST TRANSACTION
control field 20120424125315.0
020 ## - INTERNATIONAL STANDARD BOOK NUMBER
International Standard Book Number 0195658647
Terms of availability 495.00
035 ## - SYSTEM CONTROL NUMBER
System control number B-82237
037 ## - SOURCE OF ACQUISITION
Stock number DPL
Source of stock number/acquisition ENG
100 ## - MAIN ENTRY--PERSONAL NAME
Personal name Nandy, Ashish
245 ## - TITLE STATEMENT
Title The romance of the state :
Remainder of title And the fate of dissent in the tropics /
Statement of responsibility, etc by Ashis Nandy
260 ## - PUBLICATION, DISTRIBUTION, ETC. (IMPRINT)
Place of publication, distribution, etc New Delhi
Name of publisher, distributor, etc Oxford University Press
Date of publication, distribution, etc 2003
300 ## - PHYSICAL DESCRIPTION
Extent ix, 218p.
Dimensions 22 cms.
942 ## - ADDED ENTRY ELEMENTS (KOHA)
Source of classification or shelving scheme Dewey Decimal Classification
Item type English Books
Classification part 306.0954
Call number suffix NAN
Holdings
Withdrawn status Lost status Not for loan Collection code Home library Current library Date acquired Cost, normal purchase price Full call number Barcode Cost, replacement price Koha item type
      Non-fiction Sarojini Nagar Sarojini Nagar 24/04/2012 495.00 306.0954 NAN B-82237 495.00 English Books

© Delhi Public Library
Hit Counter
free hit counter